Q : (Record no. 17001)
[ view plain ]
| 000 -LEADER | |
|---|---|
| fixed length control field | 01094nam a22003257a 4500 |
| 003 - CONTROL NUMBER IDENTIFIER | |
| control field | EG-ScBUE |
| 005 - DATE AND TIME OF LATEST TRANSACTION | |
| control field | 20220621114002.0 |
| 008 - FIXED-LENGTH DATA ELEMENTS--GENERAL INFORMATION | |
| fixed length control field | 120916t2011 enka f 000 0 eng d |
| 020 ## - INTERNATIONAL STANDARD BOOK NUMBER | |
| International Standard Book Number | 9780194756280 |
| 040 ## - CATALOGING SOURCE | |
| Original cataloging agency | EG-ScBUE |
| Language of cataloging | eng |
| Description conventions | rda |
| Transcribing agency | EG-ScBUE |
| Modifying agency | EG-ScBUE |
| 082 04 - DEWEY DECIMAL CLASSIFICATION NUMBER | |
| Edition number | 22 |
| Classification number | 428.24 |
| Item number | BIX TR |
| 100 1# - MAIN ENTRY--PERSONAL NAME | |
| Personal name | Bixby, Jennifer, |
| Relator term | author. |
| 9 (RLIN) | 30908 |
| 245 10 - TITLE STATEMENT | |
| Title | Q : |
| Remainder of title | skills for success, |
| Name of part/section of a work | Reading and writing, |
| -- | Teacher's handbook / |
| Statement of responsibility, etc | Jennifer Bixby. |
| 246 30 - VARYING FORM OF TITLE | |
| Title proper/short title | Reading and writing |
| 246 30 - VARYING FORM OF TITLE | |
| Title proper/short title | Teacher's handbook |
| 264 #1 - PUBLICATION, DISTRIBUTION, ETC. (IMPRINT) | |
| Place of publication, distribution, etc | New York, NY ; |
| -- | Oxford, UK : |
| Name of publisher, distributor, etc | Oxford University Press, |
| Date of publication, distribution, etc | [2011] |
| 264 #4 - PUBLICATION, DISTRIBUTION, ETC. (IMPRINT) | |
| Date of publication, distribution, etc | c2011 |
| 300 ## - PHYSICAL DESCRIPTION | |
| Extent | xix, 110 pages : |
| Other physical details | illustrations ; |
| Dimensions | 28 cm + |
| Accompanying material | 1 CD |
| 336 ## - CONTENT TYPE | |
| Source | rdacontent |
| Content type term | text |
| Content type code | txt |
| 336 ## - CONTENT TYPE | |
| Source | rdacontent |
| Content type term | sounds |
| Content type code | snd |
| 337 ## - MEDIA TYPE | |
| Source | rdamedia |
| Media type term | unmediated |
| Media type code | n |
| 337 ## - MEDIA TYPE | |
| Source | rdamedia |
| Media type term | audio |
| Media type code | s |
| 338 ## - CARRIER TYPE | |
| Source | rdacarrier |
| Carrier type term | volume |
| Carrier type code | nc |
| 338 ## - CARRIER TYPE | |
| Source | rdacarrier |
| Carrier type term | computer disc |
| Carrier type code | cd |
| 650 #7 - SUBJECT ADDED ENTRY--TOPICAL TERM | |
| Topical term or geographic name as entry element | English language |
| General subdivision | Study and teaching. |
| Source of heading or term | BUEsh |
| 9 (RLIN) | 30909 |
| 651 ## - SUBJECT ADDED ENTRY--GEOGRAPHIC NAME | |
| Source of heading or term | BUEsh |
| 653 ## - INDEX TERM--UNCONTROLLED | |
| Arrived date list | September2012 |
| Resource For college | Humanities: English |
| 655 ## - INDEX TERM--GENRE/FORM | |
| Form subdivision | Reading book |
| 9 (RLIN) | 34232 |
| 942 ## - ADDED ENTRY ELEMENTS (KOHA) | |
| Source of classification or shelving scheme | Dewey Decimal Classification |
| Koha item type | Book - Teacher Resource |
| Withdrawn status | Lost status | Source of classification or shelving scheme | Materials specified (bound volume or other part) | Damaged status | Not for loan | Collection code | Home library | Current library | Shelving location | Date acquired | Source of acquisition | Cost, normal purchase price | Total Checkouts | Full call number | Barcode | Date last seen | Cost, replacement price | Price effective from | Koha item type | Date checked out | Serial Enumeration / chronology | Total Renewals | Checked out |
|---|---|---|---|---|---|---|---|---|---|---|---|---|---|---|---|---|---|---|---|---|---|---|---|
| Lost | Dewey Decimal Classification | Lost In Inventory_2015-8-23 | Baccah | Central Library | Central Library | Second Floor | 16/09/2012 | 110.00 | 428.24 BIX TR | 000027114 | 16/09/2012 | 137.50 | 16/09/2012 | Book - Teacher Resource | |||||||||
| Lost | Dewey Decimal Classification | Lost In Inventory_2015-8-23 | Baccah | Central Library | Central Library | Second Floor | 16/09/2012 | 110.00 | 428.24 BIX TR | 000027115 | 16/09/2012 | 137.50 | 16/09/2012 | CD | DVD - With Teacher Resource | |||||||||
| Dewey Decimal Classification | Baccah | Central Library | Central Library | Second Floor | 16/09/2012 | 110.00 | 1 | 428.24 BIX TR | 000027116 | 15/07/2025 | 137.50 | 16/09/2012 | Book - Teacher Resource | 18/09/2012 | |||||||||
| Dewey Decimal Classification | Baccah | Central Library | Central Library | Second Floor | 16/09/2012 | Purchase | 110.00 | 1 | 428.24 BIX TR | 000056323 | 18/08/2021 | 137.50 | 16/09/2012 | CD | DVD - With Teacher Resource | 18/09/2012 | ||||||||
| Dewey Decimal Classification | Baccah | Central Library | Central Library | Second Floor | 17/10/2012 | 110.00 | 428.24 BIX TR | 000027691 | 15/07/2025 | 137.50 | 17/10/2012 | Book - Teacher Resource | 3 | ||||||||||
| Dewey Decimal Classification | Baccah | Central Library | Central Library | Second Floor | 17/10/2012 | 110.00 | 1 | 428.24 BIX TR | 000027692 | 15/07/2025 | 137.50 | 17/10/2012 | Book - Teacher Resource | 13/07/2016 | 3 | 5 | |||||||
| Dewey Decimal Classification | Baccah | Central Library | Central Library | Second Floor | 17/10/2012 | 110.00 | 1 | 428.24 BIX TR | 000027693 | 20/06/2022 | 137.50 | 17/10/2012 | Book - Teacher Resource | 20/06/2022 | 3 | 1 | 06/05/2025 | ||||||
| Dewey Decimal Classification | Baccah | Central Library | Central Library | Second Floor | 17/10/2012 | Purchase | 110.00 | 428.24 BIX TR | 000056321 | 18/08/2021 | 137.50 | 17/10/2012 | CD | DVD - With Teacher Resource | ||||||||||
| Dewey Decimal Classification | Baccah | Central Library | Central Library | Second Floor | 17/10/2012 | Purchase | 110.00 | 428.24 BIX TR | 000056326 | 18/08/2021 | 137.50 | 17/10/2012 | CD | DVD - With Teacher Resource | ||||||||||
| Dewey Decimal Classification | Baccah | Central Library | Central Library | Second Floor | 17/10/2012 | Purchase | 110.00 | 428.24 BIX TR | 000056324 | 18/08/2021 | 137.50 | 17/10/2012 | CD | DVD - With Teacher Resource |